50 Largest Countries by Merchant Marine - Statistics

General Stats
  • This quiz has been taken 9 times
  • The average score is 33 of 50
Answer Stats
Ships Country % Correct
888 Brazil
100%
716 Canada
100%
8,314 China
100%
1,859 India
100%
553 France
100%
674 Mexico
100%
503 Spain
100%
868 United Kingdom
100%
3,533 United States
100%
604 Australia
89%
595 Germany
89%
1,276 Italy
89%
1,720 Norway
89%
2,203 Philippines
89%
888 Portugal
89%
2,910 Russia
89%
1,170 Turkey
89%
441 Egypt
78%
1,215 Greece
78%
5,229 Japan
78%
8,174 Panama
78%
433 Saudi Arabia
78%
465 Taiwan
78%
1,274 Bahamas
67%
715 Denmark
67%
11,422 Indonesia
67%
965 Iran
67%
2,149 South Korea
67%
558 Bangladesh
56%
1,750 Malaysia
56%
381 Tanzania
56%
884 Thailand
56%
655 United Arab Emirates
56%
1,973 Vietnam
56%
614 Antigua and Barbuda
44%
1,005 Cyprus
44%
928 Nigeria
44%
427 Palau
44%
830 Saint Vincent and the Grenadines
44%
3,202 Singapore
44%
410 Ukraine
44%
384 Croatia
33%
489 Honduras
33%
1,957 Malta
33%
4,180 Marshall Islands
33%
1,187 Netherlands
33%
774 Belize
22%
4,821 Liberia
22%
584 Sierra Leone
22%
397 Togo
11%
No matching quizzes found
Score Distribution
Percent of People with Each Score
Percentile by Number Answered
Your Score History
You have not taken this quiz